1-200 Quiz Stats

 Plays Quiz not verified by Sporcle

Also try: The Dark Quiz
Challenge
Share
Tweet
Embed
Score 0/200 Timer 20:00
0 Plays Today
1 2 % Correct
1
100%
2
99.1%
4
99.1%
3
99.1%
5
99.1%
6
98.3%
7
98.3%
8
98.3%
9
98.3%
10
98.3%
12
92.2%
11
89.6%
13
87%
20
86.1%
14
85.2%
15
85.2%
16
83.5%
17
83.5%
18
83.5%
19
83.5%
22
81.7%
21
80.9%
23
80.9%
28
80.9%
24
80%
25
80%
26
80%
27
79.1%
29
79.1%
30
79.1%
33
78.3%
31
77.4%
32
77.4%
34
77.4%
35
77.4%
36
77.4%
37
76.5%
38
76.5%
39
76.5%
40
76.5%
41
73.9%
44
73.9%
42
73%
43
73%
45
73%
47
73%
50
73%
55
73%
46
72.2%
48
72.2%
49
72.2%
51
72.2%
52
72.2%
53
72.2%
54
72.2%
56
72.2%
57
72.2%
60
72.2%
61
72.2%
62
72.2%
63
72.2%
64
72.2%
65
72.2%
66
72.2%
67
72.2%
58
71.3%
59
71.3%
1 2 % Correct
68
70.4%
69
70.4%
70
70.4%
100
70.4%
71
69.6%
72
69.6%
79
69.6%
99
69.6%
73
68.7%
74
68.7%
75
68.7%
76
68.7%
77
68.7%
78
68.7%
80
68.7%
81
68.7%
82
68.7%
83
68.7%
84
68.7%
85
68.7%
86
68.7%
87
68.7%
88
68.7%
89
68.7%
90
68.7%
91
68.7%
92
68.7%
93
68.7%
94
68.7%
95
68.7%
96
68.7%
97
68.7%
98
68.7%
102
68.7%
101
67.8%
103
67.8%
104
67.8%
105
67.8%
106
67.8%
107
67.8%
111
67.8%
113
67.8%
116
67.8%
108
67%
109
67%
112
67%
115
67%
121
67%
123
67%
110
66.1%
114
66.1%
117
66.1%
118
66.1%
119
66.1%
200
66.1%
120
65.2%
122
64.3%
124
64.3%
125
64.3%
126
64.3%
127
64.3%
128
64.3%
129
64.3%
130
63.5%
131
63.5%
132
62.6%
133
62.6%
1 2 % Correct
134
62.6%
135
62.6%
136
62.6%
140
62.6%
144
62.6%
145
62.6%
137
61.7%
138
61.7%
139
61.7%
141
61.7%
143
61.7%
142
61.7%
146
61.7%
147
61.7%
148
61.7%
149
61.7%
150
61.7%
160
61.7%
180
61.7%
190
61.7%
151
60.9%
152
60.9%
153
60.9%
154
60.9%
155
60.9%
156
60.9%
157
60.9%
158
60.9%
159
60.9%
161
60.9%
166
60.9%
170
60.9%
171
60.9%
181
60.9%
182
60.9%
183
60.9%
184
60.9%
185
60.9%
186
60.9%
187
60.9%
188
60.9%
189
60.9%
191
60.9%
192
60.9%
193
60.9%
194
60.9%
195
60.9%
196
60.9%
197
60.9%
198
60.9%
199
60.9%
162
60%
163
60%
164
60%
165
60%
167
60%
168
60%
169
60%
172
60%
173
60%
174
60%
175
60%
176
60%
177
60%
178
60%
179
60%

You're not logged in!

Compare scores with friends on all Sporcle quizzes.
Join for Free
OR
Log In

You Might Also Like...

Show Comments

Extras

Created Dec 18, 2009ReportNominate
Tags:1-200

Top Quizzes Today


Score Distribution

Your Account Isn't Verified!

In order to create a playlist on Sporcle, you need to verify the email address you used during registration. Go to your Sporcle Settings to finish the process.

Report this User

Report this user for behavior that violates our Community Guidelines.

Details: